000 00801nam a22002417a 4500
005 20170124110122.0
010 _aA-468906
020 _c00.00
_a0002550156
035 _aA-468906
037 _bCen Lib/Ret
040 _aDPL
_bEN
082 _a920
_bGOR
100 _aGorbachev, Raisa
_974330
245 _aI hope /
_cby Raisa Gorbachev ; translated by David Floyd
260 _aLondon
_bHarperCollins
_c1991
270 _a77-85 Fulham Palace Road
_bHammersmith
300 _a207p.
_c23cm(Hb)
650 _a Gorbacheva, Raisa Maksimovna, -- 1932-1999
_974331
650 _a Presidents' spouses -- Soviet Union -- Biography
_974332
650 _aSoviet Union -- Politics and government -- 1985-1991.
_974333
700 _aFloyd, David
_930750
942 _2ddc
_cEN
_h920
_mGOR
999 _c131076
_d131076